[Event "2. BUNDESLIGA MITTE"]
[Site "Steyregg, Fuerstenfeld/Sauwald/Villach, St. Veit/Glan, Graz"]
[Date "2015.11.15"]
[Round "5"]
[Board "5"]
[White "Teuschler, Barbara"]
[Black "Wanderer, Thomas"]
[Result "0-1"]
[WhiteElo "2174"]
[BlackElo "2197"]
[PlyCount "144"]
[EventDate "2015.10.02"]
[EventType "team"]
[EventRounds "11"]
[EventCountry "AUT"]
[WhiteTeam "Schachfreunde Graz"]
[BlackTeam "RbEJ Gleisdorf"]

1. e4 c5 2. Nf3 e6 3. Nc3 a6 4. d4 cxd4 5. Nxd4 Qc7 6. Bd3 Nf6 7. O-O Be7 8.
Kh1 d6 9. f4 Nbd7 10. a4 b6 11. Qf3 Bb7 12. Qg3 Nc5 13. e5 Nh5 14. Qg4 g6 15.
Qe2 Rd8 16. Nf3 Ng7 17. Bd2 h5 18. Ne4 Bxe4 19. Bxe4 Nxe4 20. Qxe4 d5 21. Qd3
Qc4 22. Qxc4 dxc4 23. Be3 Bc5 24. Bxc5 bxc5 25. Rfd1 Ke7 26. Nd2 Rd4 27. Nf3
Rxd1+ 28. Rxd1 Rb8 29. Rb1 Rb4 30. a5 c3 31. b3 Rxf4 32. Rd1 Nf5 33. Rd3 c4 34.
Rxc3 cxb3 35. cxb3 Rb4 36. Kg1 Rb5 37. Rc7+ Ke8 38. b4 Rxb4 39. Ra7 Rb1+ 40.
Kf2 Rb2+ 41. Kg1 Ne3 42. h4 Rxg2+ 43. Kh1 Rf2 44. Ng5 Rf4 45. Kg1 Nc4 46. Ra8+
Ke7 47. Ra7+ Kf8 48. Ra8+ Kg7 49. Ra7 Rg4+ 50. Kf2 Nxe5 51. Nxe6+ Kg8 52. Ra8+
Kh7 53. Ng5+ Kg7 54. Re8 Nc4 55. Nf3 Rf4 56. Kg3 Rf5 57. Ra8 Rf6 58. Ng5 Nxa5
59. Ne4 Rc6 60. Ra7 Nc4 61. Ng5 Nd6 62. Kf4 Kf6 63. Nh7+ Ke6 64. Ng5+ Kd5 65.
Nh7 Kc5 66. Nf6 Kb5 67. Nd5 a5 68. Ke5 a4 69. Ne7 Nc4+ 70. Kd4 Rd6+ 71. Kc3 Nb6
72. Rb7 Rd7 0-1

[Event "2. BUNDESLIGA MITTE"]
[Site "Steyregg, Fuerstenfeld/Sauwald/Villach, St. Veit/Glan, Graz"]
[Date "2015.11.15"]
[Round "5"]
[Board "6"]
[White "Missethan, Michael"]
[Black "Khalakhan, Jurij"]
[Result "0-1"]
[WhiteElo "2052"]
[BlackElo "2233"]
[PlyCount "102"]
[EventDate "2015.10.02"]
[EventType "team"]
[EventRounds "11"]
[EventCountry "AUT"]
[WhiteTeam "RbEJ Gleisdorf"]
[BlackTeam "Schachfreunde Graz"]

1. e4 c5 2. Nf3 e6 3. d3 Nc6 4. g3 g6 5. Bg2 Bg7 6. O-O d6 7. c3 Nge7 8. Bf4
O-O 9. Re1 h6 10. h4 b5 11. Nbd2 Ba6 12. Nf1 b4 13. Qd2 Kh7 14. N1h2 Qd7 15. d4
bxc3 16. bxc3 cxd4 17. cxd4 d5 18. e5 Rab8 19. Ng4 Nf5 20. Nf6+ Bxf6 21. exf6
Rb4 22. Ne5 Qb7 23. Nxc6 Rb2 24. Qc3 Rc8 25. Rec1 Rb6 26. Qd2 Rbxc6 27. Rxc6
Qxc6 28. g4 Nxh4 29. Bxh6 Qc3 30. Qxc3 Rxc3 31. Bg7 g5 32. Rb1 Be2 33. Rb8 Bxg4
34. Rb7 Kg6 35. Rxa7 Nf5 36. Ra4 Nxg7 37. fxg7 Kxg7 38. Rb4 Be2 39. Rb2 Bc4 40.
Rd2 Ra3 41. Kh2 g4 42. Kg1 Kf6 43. Bf1 Rxa2 44. Rxa2 Bxa2 45. Bd3 Kg5 46. Kg2
Kf4 47. Bh7 f6 48. Bd3 Bc4 49. Bc2 Be2 50. Bg6 e5 51. dxe5 fxe5 0-1

[Event "2. BUNDESLIGA MITTE"]
[Site "Steyregg, Fuerstenfeld/Sauwald/Villach, St. Veit/Glan, Graz"]
[Date "2016.02.26"]
[Round "6"]
[Board "1"]
[White "Burlacu, Bogdan"]
[Black "Wisnet, Dominic"]
[Result "1/2-1/2"]
[WhiteElo "2291"]
[BlackElo "2302"]
[PlyCount "86"]
[EventDate "2015.10.02"]
[EventType "team"]
[EventRounds "11"]
[EventCountry "AUT"]
[WhiteTeam "Union Hartkirchen"]
[BlackTeam "SPG Sauwald 2"]

1. e4 c5 2. Nf3 d6 3. Bb5+ Bd7 4. Bxd7+ Qxd7 5. c4 Nc6 6. O-O g6 7. d4 cxd4 8.
Nxd4 Bg7 9. Be3 Nf6 10. f3 O-O 11. Nc3 Rfc8 12. Nde2 Qd8 13. b3 Rab8 14. Qd2 a6
15. a4 Nd7 16. Rab1 Qa5 17. Rfc1 b6 18. Qd1 Nb4 19. Nd4 Qh5 20. Nd5 Nxd5 21.
cxd5 Be5 22. h3 Bxd4 23. Bxd4 Qg5 24. Rc6 Rxc6 25. dxc6 Ne5 26. h4 Qf4 27. c7
Rc8 28. Bxb6 Nd7 29. Qd4 Nxb6 30. Qxb6 d5 31. Qxa6 Rxc7 32. Qa8+ Kg7 33. Qxd5
Qe3+ 34. Kh1 Rc5 35. Qd1 Rh5 36. Qe1 Qf4 37. Kg1 g5 38. hxg5 Qh2+ 39. Kf1 Qe5
40. Ke2 Rxg5 41. Kf1 Rh5 42. Ke2 Rg5 43. Kf1 Rh5 1/2-1/2

[Event "2. BUNDESLIGA MITTE"]
[Site "Steyregg, Fuerstenfeld/Sauwald/Villach, St. Veit/Glan, Graz"]
[Date "2016.02.26"]
[Round "6"]
[Board "2"]
[White "Knechtel, Roland"]
[Black "Jurek, Josef"]
[Result "0-1"]
[WhiteElo "2287"]
[BlackElo "2289"]
[PlyCount "178"]
[EventDate "2015.10.02"]
[EventType "team"]
[EventRounds "11"]
[EventCountry "AUT"]
[WhiteTeam "SPG Sauwald 2"]
[BlackTeam "Union Hartkirchen"]

1. d4 Nf6 2. Nf3 e6 3. Bg5 c5 4. c3 b6 5. e3 Be7 6. Nbd2 Bb7 7. Bd3 O-O 8. Qe2
Nc6 9. h3 d5 10. O-O Ne4 11. Bf4 f5 12. Ne5 Bd6 13. Nxc6 Bxc6 14. Bxd6 Qxd6 15.
Nf3 Be8 16. Ne5 Qe7 17. Bxe4 fxe4 18. f4 exf3 19. gxf3 Rf5 20. Kh2 Bh5 21. Rf2
Qf6 22. Rg1 Rxe5 23. dxe5 Qxe5+ 24. Rg3 Rf8 25. Kg2 Qf6 26. e4 dxe4 27. Qxe4
Bg6 28. Qe3 h6 29. Re2 Bf5 30. Qe5 Qxe5 31. Rxe5 Rd8 32. Kf2 Kf7 33. f4 Rd1 34.
Re1 Rd2+ 35. Re2 Rd1 36. Kg2 Bd3 37. Ree3 Bc4 38. b3 Rd2+ 39. Kg1 Bd5 40. c4
Bc6 41. a4 Kf6 42. Kf1 Rd4 43. Re2 Rxf4+ 44. Ke1 e5 45. Rge3 e4 46. a5 Ke5 47.
axb6 axb6 48. Ra2 Rf6 49. Ra7 g5 50. Ke2 Rg6 51. Rf7 b5 52. Re7+ Kd4 53. cxb5
Bxb5+ 54. Kd2 Bc6 55. Rc3 Bd5 56. Rc7 Rf6 57. R7xc5 e3+ 58. Ke1 Rf3 59. b4 Rxh3
60. Rc1 Rh1+ 61. Ke2 Rh2+ 62. Ke1 Ke4 63. Rc8 Be6 64. Re8 Rh1+ 65. Ke2 Rxc1 66.
Rxe6+ Kf4 67. Rf6+ Kg4 68. Rxh6 Rb1 69. Kxe3 Rxb4 70. Kf2 Rb2+ 71. Kf1 Kg3 72.
Ra6 Rb1+ 73. Ke2 g4 74. Ra2 Kh3 75. Ra8 g3 76. Rh8+ Kg2 77. Rg8 Rb7 78. Rh8
Re7+ 79. Kd2 Kf2 80. Rf8+ Kg1 81. Rh8 g2 82. Rh5 Re4 83. Kd3 Re1 84. Kd2 Rf1
85. Ke2 Rf2+ 86. Ke1 Rf4 87. Ke2 Re4+ 88. Kf3 Re8 89. Rg5 Kf1 0-1

[Event "2. BUNDESLIGA MITTE"]
[Site "Steyregg, Fuerstenfeld/Sauwald/Villach, St. Veit/Glan, Graz"]
[Date "2016.02.26"]
[Round "6"]
[Board "3"]
[White "Windhager, Hannes"]
[Black "Lautner, Josef"]
[Result "1/2-1/2"]
[WhiteElo "2176"]
[BlackElo "2211"]
[PlyCount "139"]
[EventDate "2015.10.02"]
[EventType "team"]
[EventRounds "11"]
[EventCountry "AUT"]
[WhiteTeam "Union Hartkirchen"]
[BlackTeam "SPG Sauwald 2"]

1. e4 Nf6 2. e5 Nd5 3. d4 d6 4. c4 Nb6 5. f4 dxe5 6. fxe5 Nc6 7. Be3 Bf5 8. Nc3
e6 9. Nf3 Qd7 10. Be2 Rd8 11. O-O Be7 12. Qd2 O-O 13. Rad1 f6 14. exf6 Bxf6 15.
Qe1 Qe7 16. b3 Rd7 17. h3 Qd8 18. d5 Bxc3 19. Qxc3 exd5 20. Bxb6 axb6 21. cxd5
Ne7 22. Bc4 Rd6 23. Nd4 Bd7 24. Rxf8+ Qxf8 25. Rf1 Qe8 26. Ne6 Bxe6 27. dxe6
Qh5 28. Qe3 Rd8 29. Qf4 Qc5+ 30. Kh1 h6 31. a4 Kh8 32. Qg4 Qe5 33. Qh4 Qg5 34.
Qxg5 hxg5 35. Rf7 Re8 36. Kh2 Kh7 37. Rf3 Nc6 38. Rf7 Ne7 39. Kg3 Kh6 40. Kg4
Kg6 41. Bd3+ Kh6 42. Bb5 c6 43. Bc4 g6 44. Kf3 Nf5 45. Rxb7 b5 46. axb5 cxb5
47. Bd5 Nd4+ 48. Kg3 Nxe6 49. Bxe6 Rxe6 50. Rxb5 Kg7 51. Kg4 Kf6 52. b4 Re4+
53. Kf3 Re6 54. Rb8 Rc6 55. b5 Rc3+ 56. Kf2 Rc2+ 57. Kg3 Rc3+ 58. Kh2 g4 59.
Rb6+ Kg5 60. hxg4 Rb3 61. g3 Rb4 62. Kh3 Rb3 63. Rb8 Rb4 64. b6 Rxg4 65. Rc8
Rb4 66. Rc6 Kf5 67. Kg2 Rb3 68. Kf2 g5 69. Kg2 Rb2+ 70. Kf3 1/2-1/2

[Event "2. BUNDESLIGA MITTE"]
[Site "Steyregg, Fuerstenfeld/Sauwald/Villach, St. Veit/Glan, Graz"]
[Date "2016.02.26"]
[Round "6"]
[Board "4"]
[White "Maier, Christoph"]
[Black "Konrad, Edmund"]
[Result "1/2-1/2"]
[WhiteElo "2125"]
[BlackElo "2193"]
[PlyCount "53"]
[EventDate "2015.10.02"]
[EventType "team"]
[EventRounds "11"]
[EventCountry "AUT"]
[WhiteTeam "SPG Sauwald 2"]
[BlackTeam "Union Hartkirchen"]

1. e4 e6 2. d4 d5 3. e5 c5 4. c3 Nc6 5. Nf3 Qb6 6. Bd3 Bd7 7. O-O cxd4 8. cxd4
Nxd4 9. Nxd4 Qxd4 10. Nc3 a6 11. Qe2 Qh4 12. f4 Nh6 13. h3 Bc5+ 14. Be3 Bxe3+
15. Qxe3 O-O 16. Rac1 f6 17. Ne2 Rac8 18. Qb6 Rxc1 19. Rxc1 Bc8 20. Nd4 Nf7 21.
Rf1 Re8 22. exf6 Qxf6 23. Qb4 Nd6 24. Nf3 Nf7 25. Nd4 Nd6 26. Nf3 Nf7 27. Qd4
 1/2-1/2

[Event "2. BUNDESLIGA MITTE"]
[Site "Steyregg, Fuerstenfeld/Sauwald/Villach, St. Veit/Glan, Graz"]
[Date "2016.02.26"]
[Round "6"]
[Board "5"]
[White "Mayerhofer, Peter"]
[Black "Schmid, Franz"]
[Result "1/2-1/2"]
[WhiteElo "2183"]
[BlackElo "2188"]
[PlyCount "51"]
[EventDate "2015.10.02"]
[EventType "team"]
[EventRounds "11"]
[EventCountry "AUT"]
[WhiteTeam "Union Hartkirchen"]
[BlackTeam "SPG Sauwald 2"]

1. e4 e5 2. Nf3 Nf6 3. d4 Nxe4 4. Bd3 d5 5. dxe5 Nc6 6. O-O Bg4 7. Bf4 Nc5 8.
Be2 Be7 9. h3 Ne6 10. Bh2 Bf5 11. Bd3 Bxd3 12. Qxd3 Nb4 13. Qe2 c6 14. c3 Na6
15. Nbd2 Qb6 16. Nb3 c5 17. Rad1 Rd8 18. Rd2 O-O 19. Kh1 Rfe8 20. Ng1 f6 21.
Qd1 Qc6 22. Na5 Qb5 23. Nb3 Qc6 24. Na5 Qb5 25. Nb3 Qc6 26. Na5 1/2-1/2

[Event "2. BUNDESLIGA MITTE"]
[Site "Steyregg, Fuerstenfeld/Sauwald/Villach, St. Veit/Glan, Graz"]
[Date "2016.02.26"]
[Round "6"]
[Board "6"]
[White "Bittner, Rudolf Jun."]
[Black "Ganglberger, Robert"]
[Result "1/2-1/2"]
[WhiteElo "2029"]
[BlackElo "2046"]
[PlyCount "74"]
[EventDate "2015.10.02"]
[EventType "team"]
[EventRounds "11"]
[EventCountry "AUT"]
[WhiteTeam "SPG Sauwald 2"]
[BlackTeam "Union Hartkirchen"]

1. e4 c5 2. Nf3 Nc6 3. d4 cxd4 4. c3 dxc3 5. Nxc3 e6 6. Bc4 a6 7. O-O b5 8. Bb3
Nge7 9. Bg5 f6 10. Be3 Ng6 11. a3 Be7 12. Qe2 O-O 13. Rfd1 Qc7 14. Rac1 Qb8 15.
Nb1 Nge5 16. Nd4 Nxd4 17. Rxd4 Ng6 18. Nd2 Ra7 19. Nf3 Rc7 20. Rcd1 Kh8 21. h4
Bc5 22. R4d2 Bxe3 23. Qxe3 Qa7 24. Qxa7 Rxa7 25. Rc1 Ra8 26. Rc7 Rb8 27. Rc1 h6
28. g3 Re8 29. Rc7 Nf8 30. Ne1 Bb7 31. f3 Rec8 32. Rdc2 Bc6 33. Rxc8 Rxc8 34.
Kf2 Bb7 35. Rxc8 Bxc8 36. Ke3 Kg8 37. Kd4 d6 1/2-1/2

[Event "2. BUNDESLIGA MITTE"]
[Site "Steyregg, Fuerstenfeld/Sauwald/Villach, St. Veit/Glan, Graz"]
[Date "2016.02.26"]
[Round "6"]
[Board "2"]
[White "Hajnal, Zoltan"]
[Black "Felsberger, Alfred"]
[Result "1-0"]
[WhiteElo "2333"]
[BlackElo "2334"]
[PlyCount "77"]
[EventDate "2015.10.02"]
[EventType "team"]
[EventRounds "11"]
[EventCountry "AUT"]
[WhiteTeam "ASK Case IH SteyrSt. Valentin"]
[BlackTeam "Union Ansfelden"]

1. e4 c5 2. Nf3 d6 3. d4 cxd4 4. Nxd4 Nf6 5. Nc3 Nc6 6. Bg5 e6 7. Qd2 a6 8.
O-O-O Bd7 9. f3 h6 10. Be3 b5 11. g4 Rb8 12. Kb1 Ne5 13. Bd3 Nxd3 14. cxd3 e5
15. Nb3 b4 16. Ne2 Bb5 17. d4 Nd7 18. Ng3 g6 19. h4 Nb6 20. dxe5 Nc4 21. Qf2
Nxe5 22. g5 h5 23. Bd4 Bg7 24. Bxe5 Bxe5 25. f4 Bg7 26. e5 Qb6 27. Qe1 dxe5 28.
f5 gxf5 29. Nxf5 O-O 30. Nxg7 Qg6+ 31. Ka1 Qxg7 32. Nc5 Bc6 33. Rf1 Rb5 34. Qe3
Rc8 35. Rc1 Bg2 36. Nd7 Rd8 37. Nf6+ Kf8 38. Rfd1 Rdb8 39. Qd2 1-0

[Event "2. BUNDESLIGA MITTE"]
[Site "Steyregg, Fuerstenfeld/Sauwald/Villach, St. Veit/Glan, Graz"]
[Date "2016.02.26"]
[Round "6"]
[Board "3"]
[White "Weiss, Christian"]
[Black "Sandhoefner, Florian"]
[Result "1/2-1/2"]
[WhiteElo "2353"]
[BlackElo "2229"]
[PlyCount "103"]
[EventDate "2015.10.02"]
[EventType "team"]
[EventRounds "11"]
[EventCountry "AUT"]
[WhiteTeam "Union Ansfelden"]
[BlackTeam "ASK Case IH SteyrSt. Valentin"]

1. e4 c5 2. f4 e6 3. Nf3 Nc6 4. Bb5 Nge7 5. c3 a6 6. Ba4 b5 7. Bc2 d5 8. O-O
dxe4 9. Bxe4 g6 10. d4 cxd4 11. Nxd4 Bb7 12. Be3 Bg7 13. Nb3 Qc7 14. N1d2 Rd8
15. Qe2 O-O 16. Qf2 Nd5 17. Bc5 Rfe8 18. Rad1 f5 19. Bxd5 Rxd5 20. Bb6 Qb8 21.
c4 Rd7 22. cxb5 axb5 23. Nc5 Rd5 24. Nf3 Rxd1 25. Rxd1 Ba8 26. Nd3 e5 27. fxe5
Nxe5 28. Ndxe5 Bxe5 29. Nxe5 Qxe5 30. Ba5 Bc6 31. h4 Qe2 32. Rc1 Bd5 33. a3
Qxf2+ 34. Kxf2 Bc4 35. Rc2 Re4 36. g3 Kf7 37. Rd2 Ke6 38. Bc7 Bd5 39. Bf4 Rc4
40. Ke3 Re4+ 41. Kd3 Rc4 42. Ke2 Re4+ 43. Be3 Bc4+ 44. Kf2 Bd5 45. Re2 Kd7 46.
Rc2 Rc4 47. Rd2 Kc6 48. Bd4 Be4 49. Bc3 Bd5 50. Rc2 Re4 51. Bb4+ Rc4 52. Rd2 {
Remis nach 63 ZÃ¼gen} 1/2-1/2

[Event "2. BUNDESLIGA MITTE"]
[Site "Steyregg, Fuerstenfeld/Sauwald/Villach, St. Veit/Glan, Graz"]
[Date "2016.02.26"]
[Round "6"]
[Board "4"]
[White "Kranzl, Peter"]
[Black "Knoll, Hermann"]
[Result "0-1"]
[WhiteElo "2168"]
[BlackElo "2331"]
[PlyCount "114"]
[EventDate "2015.10.02"]
[EventType "team"]
[EventRounds "11"]
[EventCountry "AUT"]
[WhiteTeam "ASK Case IH SteyrSt. Valentin"]
[BlackTeam "Union Ansfelden"]

1. e4 e6 2. d4 c5 3. c3 a6 4. Nf3 b5 5. a4 Bb7 6. axb5 Bxe4 7. bxa6 Bb7 8. a7
Nc6 9. Be3 Qb6 10. Na3 d5 11. dxc5 Bxc5 12. Bxc5 Qxc5 13. Nb5 Nxa7 14. Nxa7
Rxa7 15. Rxa7 Qxa7 16. Bb5+ Ke7 17. O-O Nf6 18. Ne5 Qb6 19. Qa4 Rc8 20. Ra1 Ne4
21. Qb4+ Nd6 22. Ra5 Ra8 23. Rxa8 Bxa8 24. Qh4+ f6 25. Bf1 Qxb2 26. Nd3 Qxc3
27. Qxh7 Ne8 28. Nf4 Bc6 29. Qg8 Bd7 30. Ng6+ Kd8 31. Qf8 Qc6 32. Qe7+ Kc7 33.
g3 Qd6 34. Qf7 Kd8 35. Nh8 Qe7 36. Qh5 Nd6 37. Ng6 Qf7 38. Qh8+ Be8 39. Nf4 e5
40. Nd3 e4 41. Nb4 Ke7 42. Nc2 f5 43. Qh4+ Qf6 44. Qf4 d4 45. h4 Bf7 46. Qd2 d3
47. Ne3 Qd4 48. Bh3 Be6 49. Kh2 g6 50. Bg2 Kf6 51. Bh3 Nb5 52. Ng2 Kf7 53. h5
gxh5 54. Nf4 Qc3 55. Qd1 Nd4 56. Qxh5+ Ke7 57. Qg5+ Kd7 0-1

[Event "2. BUNDESLIGA MITTE"]
[Site "Steyregg, Fuerstenfeld/Sauwald/Villach, St. Veit/Glan, Graz"]
[Date "2016.02.26"]
[Round "6"]
[Board "5"]
[White "Mostbauer, Maximilian"]
[Black "Heimberger, Reinhard"]
[Result "1/2-1/2"]
[WhiteElo "2171"]
[BlackElo "2284"]
[PlyCount "63"]
[EventDate "2015.10.02"]
[EventType "team"]
[EventRounds "11"]
[EventCountry "AUT"]
[WhiteTeam "Union Ansfelden"]
[BlackTeam "ASK Case IH SteyrSt. Valentin"]

1. d4 d5 2. Nf3 Nf6 3. c4 e6 4. Nc3 c6 5. Bg5 Be7 6. e3 O-O 7. Bd3 Nbd7 8. O-O
h6 9. Bh4 dxc4 10. Bxc4 b5 11. Be2 a6 12. a3 c5 13. dxc5 Nxc5 14. Nd4 Bb7 15.
Bf3 Qb6 16. b4 Ncd7 17. Bg3 Rac8 18. Qb3 Bxf3 19. Nxf3 Nh5 20. Ne2 Nxg3 21.
Nxg3 Rc4 22. Rfd1 Qc7 23. Rxd7 Qxd7 24. Ne5 Qc7 25. Nxc4 bxc4 26. Qc2 c3 27.
Rc1 Rc8 28. Ne4 a5 29. Qxc3 Qxc3 30. Rxc3 Rxc3 31. Nxc3 axb4 32. axb4 1/2-1/2

[Event "2. BUNDESLIGA MITTE"]
[Site "Steyregg, Fuerstenfeld/Sauwald/Villach, St. Veit/Glan, Graz"]
[Date "2016.02.26"]
[Round "6"]
[Board "6"]
[White "Tober, Gerhard"]
[Black "Mostbauer, Florian"]
[Result "1/2-1/2"]
[WhiteElo "2239"]
[BlackElo "2238"]
[PlyCount "60"]
[EventDate "2015.10.02"]
[EventType "team"]
[EventRounds "11"]
[EventCountry "AUT"]
[WhiteTeam "ASK Case IH SteyrSt. Valentin"]
[BlackTeam "Union Ansfelden"]

1. e4 Nf6 2. Nc3 d5 3. exd5 Nxd5 4. d4 c6 5. Nf3 Bf5 6. Bd3 Bxd3 7. Qxd3 e6 8.
O-O Be7 9. Ne4 O-O 10. c4 Nf6 11. Nc3 Re8 12. Bf4 Bd6 13. Be5 Bxe5 14. Nxe5 Qd6
15. c5 Qe7 16. Nc4 Na6 17. a3 Red8 18. Nd6 Rab8 19. Rfe1 Nc7 20. Re3 Nce8 21.
Nce4 Nxe4 22. Nxe4 Rd5 23. Rh3 Rbd8 24. Nc3 Rf5 25. g4 Qg5 26. Rg3 Rf4 27. Qe3
Rdxd4 28. Ne2 Rde4 29. Qd2 Rxg4 30. Qxg5 Rxg5 1/2-1/2

[Event "2. BUNDESLIGA MITTE"]
[Site "Steyregg, Fuerstenfeld/Sauwald/Villach, St. Veit/Glan, Graz"]
[Date "2016.02.26"]
[Round "6"]
[Board "1"]
[White "Tratar, Marko"]
[Black "Kociscak, Jiri"]
[Result "1/2-1/2"]
[WhiteElo "2472"]
[BlackElo "2454"]
[PlyCount "86"]
[EventDate "2015.10.02"]
[EventType "team"]
[EventRounds "11"]
[EventCountry "AUT"]
[WhiteTeam "SC MPOE Maria Saal 2"]
[BlackTeam "SV Steyregg"]

1. Nf3 Nf6 2. c4 c5 3. Nc3 Nc6 4. g3 g6 5. Bg2 Bg7 6. O-O O-O 7. d4 cxd4 8.
Nxd4 Nxd4 9. Qxd4 d6 10. Qd3 a6 11. Bd2 Rb8 12. a4 Bf5 13. e4 Be6 14. b3 Qb6
15. Rab1 Rfc8 16. Be3 Qb4 17. Ba7 Ra8 18. Bd4 Nd7 19. Bxg7 Kxg7 20. Rfe1 Ne5
21. Qe3 Qc5 22. Qxc5 Rxc5 23. f4 Nd3 24. Re3 Nb4 25. Rb2 Kf8 26. Bf1 a5 27. Be2
Bd7 28. Nd5 Bc6 29. Nxb4 axb4 30. Rd2 f6 31. Kf2 Kf7 32. Bf3 Ke6 33. Rde2 Rg8
34. h4 h6 35. Re1 Rd8 36. Rd1 Rh8 37. Bg4+ Kf7 38. Bf3 Ke6 39. Rde1 Rd8 40. Rd3
Rf8 41. Bg4+ Kf7 42. Bf3 Ke6 43. Bg4+ Kf7 1/2-1/2

[Event "2. BUNDESLIGA MITTE"]
[Site "Steyregg, Fuerstenfeld/Sauwald/Villach, St. Veit/Glan, Graz"]
[Date "2016.02.26"]
[Round "6"]
[Board "2"]
[White "Velicka, Petr"]
[Black "Handler, Lukas"]
[Result "1/2-1/2"]
[WhiteElo "2432"]
[BlackElo "2390"]
[PlyCount "73"]
[EventDate "2015.10.02"]
[EventType "team"]
[EventRounds "11"]
[EventCountry "AUT"]
[WhiteTeam "SV Steyregg"]
[BlackTeam "SC MPOE Maria Saal 2"]

1. e4 e5 2. Nf3 Nc6 3. Bc4 Bc5 4. O-O Nf6 5. d3 O-O 6. Bg5 h6 7. Bh4 Be7 8.
Nbd2 d6 9. c3 Bg4 10. h3 Bh5 11. Re1 Nd7 12. Bxe7 Qxe7 13. Nf1 Nc5 14. Ng3 Bxf3
15. Qxf3 Ne6 16. Qg4 Kh7 17. Nf5 Qg5 18. Bxe6 Qxg4 19. hxg4 fxe6 20. Ne3 Kg6
21. Rad1 a5 22. a4 Rad8 23. Nc4 b6 24. f3 Rfe8 25. Kf2 Kf6 26. Na3 Nb8 27. Ke2
Na6 28. Ra1 d5 29. Nc2 Nc5 30. b4 Nb7 31. Rec1 Rd7 32. Ne3 Red8 33. Ra2 Ra8 34.
Rb1 Rad8 35. Rc1 Ra8 36. Rb1 Rad8 37. Rc1 1/2-1/2

[Event "2. BUNDESLIGA MITTE"]
[Site "Steyregg, Fuerstenfeld/Sauwald/Villach, St. Veit/Glan, Graz"]
[Date "2016.02.26"]
[Round "6"]
[Board "3"]
[White "Halvax, Georg"]
[Black "Enoeckl, Philipp"]
[Result "1/2-1/2"]
[WhiteElo "2337"]
[BlackElo "2362"]
[PlyCount "50"]
[EventDate "2015.10.02"]
[EventType "team"]
[EventRounds "11"]
[EventCountry "AUT"]
[WhiteTeam "SC MPOE Maria Saal 2"]
[BlackTeam "SV Steyregg"]

1. e4 e6 2. d4 d5 3. Nc3 Bb4 4. e5 Ne7 5. a3 Bxc3+ 6. bxc3 b6 7. Qg4 Ng6 8. h4
h5 9. Qd1 Qd7 10. Be2 Ba6 11. Bxh5 Qb5 12. Nh3 Qc4 13. Bxg6 fxg6 14. Qd3 Rxh4
15. Qxc4 Bxc4 16. Bg5 Rh8 17. Kd2 Nc6 18. Rhe1 Ba6 19. Re3 Na5 20. Rg3 Nc4+ 21.
Ke1 Kf7 22. Rf3+ Kg8 23. Rg3 Kf7 24. Rf3+ Kg8 25. Rg3 Kf7 1/2-1/2

[Event "2. BUNDESLIGA MITTE"]
[Site "Steyregg, Fuerstenfeld/Sauwald/Villach, St. Veit/Glan, Graz"]
[Date "2016.02.26"]
[Round "6"]
[Board "4"]
[White "Kirschner, Alexander"]
[Black "Kreisl, Robert"]
[Result "0-1"]
[WhiteElo "2186"]
[BlackElo "2435"]
[PlyCount "78"]
[EventDate "2015.10.02"]
[EventType "team"]
[EventRounds "11"]
[EventCountry "AUT"]
[WhiteTeam "SV Steyregg"]
[BlackTeam "SC MPOE Maria Saal 2"]

1. c4 c5 2. Nc3 Nc6 3. g3 g6 4. Bg2 Bg7 5. Nf3 e5 6. O-O Nge7 7. a3 d6 8. b4
O-O 9. Rb1 b6 10. b5 Na5 11. Nxe5 Bf5 12. Nd3 Nxc4 13. e4 Bd7 14. Nf4 Ne5 15.
d3 a6 16. a4 axb5 17. axb5 Ra5 18. Qe2 g5 19. Nfd5 Nxd5 20. Nxd5 Rxb5 21. Bb2
Rxb2 22. Rxb2 b5 23. Rbb1 g4 24. f3 gxf3 25. Bxf3 Qg5 26. Kh1 b4 27. Ne3 Nc6
28. Nc4 Nd4 29. Qd1 Qe7 30. Bg2 Nb5 31. Qh5 Qe6 32. Nb6 Qg4 33. Qd5 Be6 34. Qc6
Na3 35. Qxd6 Nxb1 36. Rxb1 b3 37. Qxc5 b2 38. e5 Qe2 39. Be4 Ba2 0-1

[Event "2. BUNDESLIGA MITTE"]
[Site "Steyregg, Fuerstenfeld/Sauwald/Villach, St. Veit/Glan, Graz"]
[Date "2016.02.26"]
[Round "6"]
[Board "5"]
[White "Tomazini, Zan"]
[Black "Wiesinger, Robert"]
[Result "1-0"]
[WhiteElo "2428"]
[BlackElo "2176"]
[PlyCount "73"]
[EventDate "2015.10.02"]
[EventType "team"]
[EventRounds "11"]
[EventCountry "AUT"]
[WhiteTeam "SC MPOE Maria Saal 2"]
[BlackTeam "SV Steyregg"]

1. e4 e5 2. Nf3 Nc6 3. d4 exd4 4. Nxd4 Nf6 5. Nxc6 bxc6 6. e5 Qe7 7. Qe2 Nd5 8.
c4 Ba6 9. Nd2 g6 10. Nf3 Qb4+ 11. Kd1 Nb6 12. b3 Bg7 13. Kc2 O-O 14. Bd2 Qe7
15. Bg5 Qa3 16. Bc1 Qc5 17. Qe3 Qxe3 18. Bxe3 d6 19. Bf4 Rfe8 20. Re1 d5 21. c5
Bxf1 22. Rhxf1 Nd7 23. Nd4 Bxe5 24. Bxe5 Nxe5 25. f4 Ng4 26. Kd2 Nxh2 27. Rxe8+
Rxe8 28. Re1 Kf8 29. Nxc6 Ng4 30. Rxe8+ Kxe8 31. Nxa7 Kd7 32. b4 Nf6 33. Nb5
Kc6 34. a4 h5 35. Kd3 h4 36. Nd4+ Kb7 37. Nf3 1-0

[Event "2. BUNDESLIGA MITTE"]
[Site "Steyregg, Fuerstenfeld/Sauwald/Villach, St. Veit/Glan, Graz"]
[Date "2016.02.26"]
[Round "6"]
[Board "6"]
[White "Pierecker, Markus"]
[Black "Tomazini, Aljosa"]
[Result "1-0"]
[WhiteElo "2179"]
[BlackElo "2335"]
[PlyCount "139"]
[EventDate "2015.10.02"]
[EventType "team"]
[EventRounds "11"]
[EventCountry "AUT"]
[WhiteTeam "SV Steyregg"]
[BlackTeam "SC MPOE Maria Saal 2"]

1. e4 e5 2. Nf3 Nc6 3. d4 exd4 4. Nxd4 Nf6 5. Nxc6 bxc6 6. e5 Qe7 7. Qe2 Nd5 8.
c4 Nb6 9. Nd2 Bb7 10. b3 g6 11. Bb2 Bg7 12. O-O-O O-O-O 13. f4 Rhe8 14. g3 d6
15. Bh3+ Kb8 16. Rhe1 dxe5 17. fxe5 Qg5 18. Kc2 Qh6 19. Bg4 f5 20. Bf3 Nd7 21.
Nf1 Qg5 22. e6 Bxb2 23. e7 Rc8 24. Kxb2 Qf6+ 25. Kc2 Nb6 26. Qe5 Qxe5 27. Rxe5
c5 28. Bxb7 Kxb7 29. a4 a5 30. Nd2 Nd7 31. Re6 Nb8 32. Nf3 Nc6 33. Rd7 Rb8 34.
Kc3 Kc8 35. Rd5 Rxe7 36. Ng5 Rb6 37. Rxe7 Nxe7 38. Rxc5 h6 39. Nf7 Rf6 40. Ne5
f4 41. gxf4 Rxf4 42. Rxa5 Rh4 43. Ra8+ Kb7 44. Re8 Nc6 45. Nxc6 Kxc6 46. Re6+
Kb7 47. Rxg6 c5 48. Rg2 Kb6 49. Kb2 Rh3 50. Ka3 Ka6 51. Rf2 Kb6 52. Rf6+ Kb7
53. Rf5 Kc6 54. a5 Rxh2 55. Rf6+ Kb7 56. Ka4 Rh3 57. a6+ Ka7 58. Rc6 h5 59.
Rxc5 Kxa6 60. Rc6+ Ka7 61. Rh6 h4 62. c5 Re3 63. b4 h3 64. Kb5 Rb3 65. Rh7+ Ka8
66. c6 Kb8 67. Kc5 Rg3 68. Kb6 Rg8 69. Rb7+ Kc8 70. Ra7 1-0

[Event "2. BUNDESLIGA MITTE"]
[Site "Steyregg, Fuerstenfeld/Sauwald/Villach, St. Veit/Glan, Graz"]
[Date "2016.02.26"]
[Round "6"]
[Board "1"]
[White "Stevic, Hrvoje"]
[Black "Frank, Paul"]
[Result "1-0"]
[WhiteElo "2602"]
[BlackElo "2167"]
[PlyCount "61"]
[EventDate "2015.10.02"]
[EventType "team"]
[EventRounds "11"]
[EventCountry "AUT"]
[WhiteTeam "SV Wolfsberg"]
[BlackTeam "ESV Admira Villach"]

1. e4 c5 2. Nf3 Nc6 3. d4 cxd4 4. Nxd4 Qb6 5. Nb3 Nf6 6. Nc3 e6 7. Qe2 Bb4 8.
Bd2 O-O 9. a3 Be7 10. O-O-O d5 11. exd5 Nxd5 12. g3 a6 13. Bg2 Rd8 14. Nxd5
exd5 15. Be3 Qc7 16. Bf4 Qb6 17. Bxd5 Bf5 18. Be3 Qc7 19. Qc4 Bg6 20. Bxc6 bxc6
21. Rxd8+ Bxd8 22. Rd1 Qc8 23. Rd6 Be7 24. Rxc6 Qh3 25. Rxa6 Rc8 26. Rc6 Rxc6
27. Qxc6 Qf1+ 28. Kd2 Bh5 29. Qc8+ Bf8 30. g4 Qc4 31. Qxc4 1-0